Studies on the Ciliata fauna of sediment samples from the Hungarian reach of the Tisza = A Tisza magyarországi szakaszán vett üledékminták Ciliata faunájának vizsgálata

Elmentve itt :
Bibliográfiai részletek
Szerző: Jósa Zoltán
Dokumentumtípus: Cikk
Megjelent: 1981
Sorozat:Tiscia
Kulcsszavak:Természettudomány
Online Access:http://acta.bibl.u-szeged.hu/9861
LEADER 00705nab a2200181 i 4500
001 acta9861
005 20210323122141.0
008 161015s1981 hu o 0|| hun d
022 |a 0563-587X 
040 |a SZTE Egyetemi Kiadványok Repozitórium  |b hun 
041 |a hun 
100 1 |a Jósa Zoltán 
245 1 0 |a Studies on the Ciliata fauna of sediment samples from the Hungarian reach of the Tisza = A Tisza magyarországi szakaszán vett üledékminták Ciliata faunájának vizsgálata  |h [elektronikus dokumentum] /  |c  Jósa Zoltán 
260 |c 1981 
300 |a 141-154 
490 0 |a Tiscia 
695 |a Természettudomány 
856 4 0 |u http://acta.bibl.u-szeged.hu/9861/1/tiscia_016_141-154.pdf  |z Dokumentum-elérés